[Event "Dresden op"]
[Site "Dresden"]
[Date "1992.??.??"]
[Round "?"]
[White "Kaminski, Uwe"]
[Black "Schramm, Christian"]
[Result "1-0"]
[WhiteElo "2400"]
[BlackElo "2245"]

1.e4 c5 2.Nf3 Nc6 3.Nc3 g6 4.Bb5 Nd4 5.Nxd4 cxd4 6.Ne2 Qa5 7.Bd3 Bg7 8.O-O b6
9.b3 Ba6 10.Bxa6 Qxa6 11.d3 d5 12.Bb2 Rd8 13.Nxd4 Qb7 14.Qc1 dxe4 15.Ne6 Bh6
16.Qd1 Rd6 17.Bxh8 Rxe6 18.Bb2 e3 19.fxe3 Bxe3+ 20.Kh1 Nh6 21.Qf3 Qxf3 22.Rxf3 Nf5
23.Re1 h5 24.g3 Kd7 25.Re2 Rc6 26.c3 Bh6 27.d4 e6 28.Kg2 Rd6 29.Kf2 g5 30.Rd3 Kc6
31.Bc1 b5 32.Re5  1-0

[Event "Wch U18"]
[Site "Duisburg"]
[Date "1992.??.??"]
[Round "3"]
[White "Hoehn, Jan"]
[Black "Merant, N."]
[Result "0-1"]
[WhiteElo "2245"]
[BlackElo "2305"]

1.e4 c5 2.Nf3 Nc6 3.Nc3 e6 4.g3 d5 5.Bg2 dxe4 6.Nxe4 Be7 7.O-O Nf6 8.Re1 O-O
9.c3 Nxe4 10.Rxe4 b6 11.d4 Bb7 12.Qe2 cxd4 13.Nxd4 Bf6 14.Nxc6 Bxc6 15.Rc4 Bb5
16.Bxa8 Qxa8 17.a4 Ba6 18.Qe4 Bxc4 19.Qxc4 Rc8 20.Qe2 Qd5 21.Be3 h5 22.Qb5 Qf3
23.h4 Rd8 24.a5 bxa5 25.Qxa5 Qe2 26.Qb4 a6 27.Rc1 Rd3 28.Qb6 Kh7 29.Kg2 g6
30.Ra1 Kg7 31.Rxa6 Rxe3 32.Qxe3 Qxa6 33.Kh2 Qa2 34.Qd2 Qb3 35.Kg2 Qd5+  0-1

[Event "Wch U18"]
[Site "Duisburg"]
[Date "1992.??.??"]
[Round "4"]
[White "Berzinsh, Roland"]
[Black "Halac, Matias"]
[Result "1-0"]
[WhiteElo "2390"]
[BlackElo "2245"]

1.e4 c5 2.Nc3 Nc6 3.Nf3 g6 4.d4 cxd4 5.Nxd4 Bg7 6.Be3 Nf6 7.Bc4 Qa5 8.O-O O-O
9.Bb3 d6 10.h3 Bd7 11.Re1 Rac8 12.Qe2 Rfe8 13.Rad1 Nxd4 14.Bxd4 b5 15.Nd5 Nxd5
16.exd5 Qc7 17.c3 a5 18.a3 Qb8 19.Bxg7 Kxg7 20.Rd4 e5 21.dxe6 Bxe6 22.Re4 Bc4
23.Bxc4 Rxe4 24.Qxe4 bxc4 25.Re2 Qb6 26.Qf4 Qc5 27.Re7 Qd5 28.Rd7 Rc6 29.Qe3 Rc5
30.Qe7 Rc6 31.Rd8 Qd1+ 32.Kh2 Qd2 33.Kg3 h5 34.Qe8 Qd3+ 35.f3  1-0

[Event "Wch U18"]
[Site "Duisburg"]
[Date "1992.??.??"]
[Round "5"]
[White "Rublevsky, Sergei"]
[Black "Agamaliev, Djamil"]
[Result "0-1"]
[WhiteElo "2535"]
[BlackElo "2350"]

1.e4 c5 2.Nc3 Nc6 3.Nge2 Nf6 4.d4 cxd4 5.Nxd4 e5 6.Ndb5 d6 7.a4 a6 8.Na3 Be6
9.Bc4 Rc8 10.Bg5 Be7 11.Bxf6 Bxf6 12.Nd5 O-O 13.O-O Bg5 14.c3 Kh8 15.Qc2 f5
16.Rad1 f4 17.Qd3 f3 18.g3 Bh3 19.Rfe1 Qe8 20.Nc2 Qh5 21.Nce3 Ne7 22.Nxe7 Bxe7
23.Bd5 Rf6 24.Nf5 Bg2 25.Qe3 Qh3 26.Qg5 Rf7 27.Nxe7 Rxe7 28.Qf5 h5 29.Qxh3 Bxh3
30.Rd3 Rf8 31.Ree3 Bg2 32.c4 h4 33.Rd2 Rb8 34.Rb3 b5 35.axb5 axb5 36.cxb5 Rc7
37.Rd1 hxg3 38.hxg3 Rc2  0-1

[Event "FIN-chT"]
[Site "FIN"]
[Date "1992.??.??"]
[Round "?"]
[White "Westerinen, Heikki MJ"]
[Black "Vooremaa, Andres"]
[Result "1-0"]
[WhiteElo "2430"]
[BlackElo "2345"]

1.e4 c5 2.Nc3 Nc6 3.Nge2 Nf6 4.g3 e6 5.Bg2 Qc7 6.O-O a6 7.f4 d6 8.d3 b5 9.h3 Bb7
10.Be3 Be7 11.g4 b4 12.Na4 Nd7 13.c3 a5 14.d4 O-O 15.d5 exd5 16.exd5 Na7
17.c4 Rfe8 18.Qd2 Nc8 19.g5 f5 20.h4 Ncb6 21.Nxb6 Nxb6 22.b3 h5 23.gxh6 Bxh4
24.hxg7 Qxg7 25.Bf2 Qg4 26.Rae1 Re7 27.Bxh4 Qxh4 28.Ng3 Rf8 29.Rxe7 Qxe7
30.Re1 Qh4 31.Kf2 Bc8 32.Rh1 Qe7 33.Rh5 Rf7 34.Bh3 Rh7 35.Rg5+ Rg7 36.Nxf5 Bxf5
37.Rxg7+ Kxg7 38.Bxf5 Qf6 39.Be6 a4 40.Kf3 axb3 41.axb3 Kf8 42.Qc2 Qa1 43.Qf5+ Ke8
44.Qf7+ Kd8 45.Qf8+ Kc7 46.Qe7+ Kb8 47.Qxd6+ Kb7 48.Qc6+ Ka7 49.Qc7+ Ka8
50.Qxc5 Qd1+ 51.Kg2 Qc2+ 52.Qf2 Qg6+ 53.Kh2 Qh6+ 54.Bh3 Nd7 55.Qg3 Nc5 56.Qg5 Qh8
57.Qe5 Qh4 58.d6  1-0

[Event "FIN-chT"]
[Site "FIN"]
[Date "1992.??.??"]
[Round "?"]
[White "Raaste, Eero J"]
[Black "Haapasalo, Jukka Pekka"]
[Result "1-0"]
[WhiteElo "2340"]
[BlackElo "2245"]

1.e4 c5 2.Nc3 Nc6 3.Nge2 Nf6 4.d4 cxd4 5.Nxd4 Qc7 6.Be2 a6 7.O-O e6 8.Re1 Bb4
9.Bf1 Nxd4 10.Qxd4 Bc5 11.Qd1 h5 12.h3 Qe5 13.Be3 Bxe3 14.Rxe3 b5 15.a4 Bb7
16.axb5 axb5 17.Rxa8+ Bxa8 18.Nxb5 O-O 19.Qd4 Qxd4 20.Nxd4 Bxe4 21.c4 Rb8
22.Rb3 Rc8 23.f3 Bb1 24.Rb5 d5 25.c5 e5 26.Nb3 Bc2 27.Nd2 e4 28.fxe4 dxe4
29.Nc4 Bd3 30.b4 Nd5 31.Rb7 Ra8 32.Bxd3 exd3 33.b5 Ra1+ 34.Kh2 Ra4 35.Rd7 Rxc4
36.Rxd5 d2 37.c6 Rc5 38.Rxd2 Rxb5 39.c7  1-0

[Event "FIN-chT"]
[Site "FIN"]
[Date "1992.??.??"]
[Round "?"]
[White "Rantanen, Yrjo A"]
[Black "Maki, Veijo"]
[Result "1/2-1/2"]
[WhiteElo "2410"]
[BlackElo "2415"]

1.e4 c5 2.Nc3 Nc6 3.Nge2 d6 4.d4 cxd4 5.Nxd4 Nf6 6.Be2 e5 7.Nf3 h6 8.O-O Be7
9.Re1 O-O 10.h3 Be6 11.Bf1 Nb8 12.b3 Nbd7 13.Bb2 Nc5 14.Nd2 Qc7 15.a4 Rfd8
16.Qf3 a6 17.a5 b5 18.axb6 Qxb6 19.Na4 Nxa4 20.Rxa4 Nd7 21.Nc4 Qc7 22.Ne3 Nc5
23.Raa1 a5 24.Bc4 Bxc4 25.Nxc4 a4 26.Ne3 axb3 27.Nd5 Qb7 28.cxb3 Bg5 29.b4 Ne6
30.Rxa8 Rxa8 31.Rd1 Nc7 32.Qb3 Nb5 33.g3 Bd8 34.Rc1 Rc8 35.Rxc8 Qxc8 36.Qa4 Qb7
37.Kh2 Kh7 38.Bc1 f5 39.Qc2 Kh8 40.Be3 fxe4 41.Qc4 Bg5 42.Bxg5 hxg5 43.Qxe4 Qf7
44.Kg2 Nd4 45.Ne3 g6 46.Ng4 Kg7 47.b5 Qc7  1/2-1/2

[Event "Finkenstein op"]
[Site "Finkenstein"]
[Date "1992.??.??"]
[Round "?"]
[White "Balinov, Ilija"]
[Black "Hauschild, Andreas"]
[Result "1-0"]
[WhiteElo "2270"]
[BlackElo "2330"]

1.e4 c5 2.Nc3 Nc6 3.Nge2 Nf6 4.g3 d5 5.exd5 Nxd5 6.Bg2 Nxc3 7.Nxc3 Bf5 8.d3 Qd7
9.h3 e5 10.Be3 Be7 11.Nd5 Bd6 12.a3 Be6 13.c4 Ne7 14.Qh5 Nxd5 15.cxd5 Bf5
16.Be4 Bg6 17.Bxg6 fxg6 18.Qf3 Rd8 19.h4 Be7 20.h5 Qxd5 21.Qxd5 Rxd5 22.hxg6 h6
23.Ke2 Rf8 24.b4 Rf6 25.Rhc1 Kd7 26.bxc5 Kc6 27.Rab1 Rxg6 28.Rb4 Rf6 29.Rcb1 Rd7
30.Ra4 a6 31.Rc4 Kd5 32.Rcb4 b5 33.a4 Bxc5 34.Bxc5 Kxc5 35.axb5 a5 36.Re4 Rd5
37.b6 Rf8 38.Rc4+ Kd6 39.b7  1-0

[Event "Forli op"]
[Site "Forli"]
[Date "1992.??.??"]
[Round "3"]
[White "Delanoy, Arnaud"]
[Black "Mauro, Alan"]
[Result "0-1"]
[WhiteElo "2215"]
[BlackElo "2230"]

1.e4 c5 2.Nc3 Nc6 3.Nf3 g6 4.d4 cxd4 5.Nxd4 Bg7 6.Be3 d6 7.Be2 Nf6 8.O-O O-O
9.Qd2 Ng4 10.Bxg4 Bxg4 11.f4 Bd7 12.Rad1 Rc8 13.Kh1 Qa5 14.Nd5 Qxd2 15.Rxd2 Rfe8
16.c3 Na5 17.Rdf2 e6 18.Nb4 Nc4 19.Bc1 a5 20.Nbc2 f5 21.Re1 e5 22.Nf3 fxe4
23.Rxe4 Bf5 24.Re1 Bxc2 25.Rxc2 e4 26.Nd2 d5 27.Nxc4 Rxc4 28.Rce2 Kf7 29.g3 b5
30.Rd1 Ke6 31.Be3 b4 32.Bd4 Bxd4 33.Rxd4 Rxd4 34.cxd4 Rc8 35.Kg2 a4 36.Kf2 Rc1
37.Ke3 Ra1 38.b3 axb3 39.axb3 Rb1 40.Ra2 Rxb3+ 41.Kf2 Rd3 42.Ra6+ Kd7 43.Ra7+ Kc6
44.Rxh7 b3 45.Rh8 Kb7  0-1

[Event "FRA-chT"]
[Site "?"]
[Date "1992.??.??"]
[Round "?"]
[White "Fayard, Alain"]
[Black "Goldenberg, Richard"]
[Result "0-1"]
[WhiteElo "2265"]
[BlackElo "2290"]

1.Nf3 c5 2.e4 Nc6 3.Nc3 Nf6 4.e5 Ng4 5.Qe2 g6 6.h3 Nh6 7.Ne4 Bg7 8.d3 O-O
9.Bf4 d6 10.exd6 exd6 11.O-O-O d5 12.Nxc5 Qf6 13.c3 Qxf4+ 14.Kb1 b6 15.Nb3 a5
16.g3 Qd6 17.Nc1 b5 18.Bg2 b4 19.c4 Be6 20.Ng5 Nf5 21.Rhe1 Ncd4 22.Qf1 Rac8
23.g4 Ne7 24.f4 dxc4 25.dxc4 Bxc4 26.Qf2 Nec6 27.Ne4 Qc7 28.f5 Be5 29.Qh4 f6
30.fxg6 hxg6 31.g5 Qh7 32.Qf2 fxg5 33.Qg1 Qh4 34.Nc5 Qf2 35.N1d3 Qc2+ 36.Ka1 Bxd3
37.Nxd3 Bg7 38.Bd5+ Kh8 39.Qxg5 Rf5 40.Qg4 Rcf8 41.Be4 Nf3 42.Rc1 Nxe1 43.Rxc2 Nxc2+
44.Kb1 Rf1+ 45.Kxc2 Nd4+ 46.Kd2 Bh6+ 47.Nf4 R1xf4  0-1

[Event "Gausdal Int"]
[Site "Gausdal"]
[Date "1992.??.??"]
[Round "8"]
[White "Mastoras, Ilias"]
[Black "Ernst, Thomas"]
[Result "1/2-1/2"]
[WhiteElo "2300"]
[BlackElo "2570"]

1.e4 c5 2.Nc3 Nc6 3.Nge2 Nf6 4.g3 g6 5.d4 cxd4 6.Nxd4 d6 7.Bg2 Nxd4 8.Qxd4 Bg7
9.Bg5 O-O 10.Qd2 Ng4 11.Nd5 Re8 12.c4 Ne5 13.Rc1 Bh3 14.O-O Bxg2 15.Kxg2 Rc8
16.b3 b6 17.Rfd1 Qd7 18.Nxe7+ Rxe7 19.Bxe7 Qxe7 20.Qxd6 Qg5 21.f4 Qg4 22.fxe5 Qe2+
23.Kh3 Qh5+ 24.Kg2 Qe2+  1/2-1/2

[Event "Gausdal Int"]
[Site "Gausdal"]
[Date "1992.??.??"]
[Round "9"]
[White "Svensk, Ingemar"]
[Black "Reeh, Oliver"]
[Result "1/2-1/2"]
[WhiteElo "2265"]
[BlackElo "2455"]

1.e4 c5 2.Nc3 Nc6 3.Nge2 g6 4.g3 Bg7 5.Bg2 d6 6.d3 b6 7.O-O Bb7 8.Be3 Nf6
9.h3 O-O 10.Qd2 e6 11.Bh6 Bxh6 12.Qxh6 d5 13.exd5 exd5 14.Rfe1 Rb8 15.d4 cxd4
16.Nb5 d3 17.cxd3 d4 18.Qf4 Nb4 19.Bxb7 Rxb7 20.Nbxd4 Rd7 21.Red1 Re8 22.a3 Nc2
23.Nxc2 Rxe2 24.Rac1 Rxd3 25.Rxd3 Qxd3 26.Qxf6 Rxc2 27.Re1 Re2 28.Rc1  1/2-1/2

[Event "Geneve op"]
[Site "Geneve"]
[Date "1992.??.??"]
[Round "6"]
[White "Delanoy, Arnaud"]
[Black "Weindl, Alfred"]
[Result "1/2-1/2"]
[WhiteElo "2320"]
[BlackElo "2365"]

1.e4 c5 2.Nc3 Nc6 3.Nf3 d6 4.d4 cxd4 5.Nxd4 Nf6 6.Bc4 e6 7.Be3 Be7 8.Bb3 O-O
9.O-O Nxd4 10.Bxd4 Qa5 11.Kh1 b6 12.f4 Ba6 13.Rf3 e5 14.Be3 Rac8 15.Bd2 Qc5
16.Be3 Qc6 17.Bd5 Qd7 18.Rg3 Rfd8 19.f5 Rxc3 20.bxc3 Nxd5 21.Qg4 Bf6 22.exd5 Rc8
23.Bh6 Rc4 24.Qf3 Kf8 25.Bg5 Bxg5 26.Rxg5 Rf4 27.Qh3 h6 28.Rxg7 Qb5 29.g3 Qxd5+
30.Qg2 Qxg2+ 31.Kxg2 Bb7+ 32.Kg1 Rxf5 33.Rh7 h5 34.Rf1 Bf3 35.Rh8+ Ke7 36.Rc8 e4
37.Rc7+ Ke6 38.Rxa7 Rd5 39.Ra4 Rd2 40.Rf2 Rd1+ 41.Rf1 Rd2 42.Rf2 Rd1+  1/2-1/2

[Event "BL2-S9192"]
[Site "Germany"]
[Date "1992.??.??"]
[Round "?"]
[White "Migl, Dieter"]
[Black "Vuckovic, Aleksandar"]
[Result "1/2-1/2"]
[WhiteElo "2285"]
[BlackElo "2210"]

1.e4 c5 2.Nc3 Nc6 3.Nf3 g6 4.d4 cxd4 5.Nxd4 Bg7 6.Nb3 Nf6 7.Be2 O-O 8.O-O d6
9.Bg5 Be6 10.Kh1 Na5 11.Nd5 Bxd5 12.exd5 Rc8 13.Nxa5 Qxa5 14.c4 Ne4 15.Be3 Bxb2
16.Rb1 Bf6 17.Rxb7 Nc5 18.Bxc5 Rxc5 19.Qb3 Qd2 20.Bd3 Ra5 21.a4 Rc8 22.Kg1 Kf8
23.Rb5 Rxb5 24.axb5 Bd4 25.Bb1 Qf4 26.Bd3 Kg7 27.Qd1 h5 28.g3 Qf6 29.h4 Rh8
30.Kg2 g5 31.Qf3 gxh4 32.Qxf6+ Kxf6 33.gxh4 Rg8+ 34.Kh3 e5 35.dxe6 fxe6  1/2-1/2

[Event "NRW-Liga I 9192"]
[Site "Germany"]
[Date "1992.??.??"]
[Round "?"]
[White "Sicherl, Peter"]
[Black "Nun, Jiri"]
[Result "0-1"]
[WhiteElo "2230"]
[BlackElo "2435"]

1.e4 c5 2.Nf3 Nc6 3.Nc3 Nf6 4.Bb5 Nd4 5.e5 Nxb5 6.Nxb5 Nd5 7.Ng5 f6 8.exf6 Nxf6
9.O-O e6 10.d4 Qb6 11.c4 a6 12.dxc5 Bxc5 13.Nc3 Qc6 14.Nce4 O-O 15.Nxc5 Qxc5
16.Qe2 b5 17.Ne4 Qxc4 18.Qxc4 bxc4 19.Nd6 a5 20.Be3 Ba6 21.Rfc1 Rab8 22.Bc5 Rfd8
23.Rab1 Nd5 24.Nxc4 Bxc4 25.Rxc4 Rdc8 26.Bd6 Rxc4 27.Bxb8 Nb4 28.a3 Nd3 29.b3 Rc2
30.Ba7 Ra2 31.a4 Nb4 32.Bb6 Nc6 33.Kf1 Kf7 34.Rc1 Rb2 35.Rc3 e5 36.Rd3 Ke6
37.Ke1 d5 38.Rh3 d4 39.Bc5 e4 40.Ba3 Ra2 41.Bc5 g6 42.Rxh7 Kd5 43.Bb6 Ne5
44.Rh3 Nd3+ 45.Rxd3 exd3 46.Bxa5 Re2+ 47.Kd1 Rxf2 48.Bc7 Rxg2 49.h4 Ke4  0-1

[Event "BL2-S9192"]
[Site "Germany"]
[Date "1992.??.??"]
[Round "?"]
[White "Schrepp, Martin"]
[Black "Wilde, Pierre"]
[Result "1-0"]
[WhiteElo "2250"]
[BlackElo "2285"]

1.e4 c5 2.Nc3 Nc6 3.Nge2 g6 4.d4 cxd4 5.Nxd4 Bg7 6.Be3 Nf6 7.Be2 O-O 8.O-O d6
9.h3 Bd7 10.Qd2 a6 11.a4 Nb4 12.f4 Rc8 13.Bf3 e5 14.Nb3 Be6 15.Rad1 Nd7 16.Na1 exf4
17.Bxf4 Ne5 18.Be2 Nc4 19.Bxc4 Bxc4 20.Rf2 Be5 21.Bxe5 dxe5 22.Qe3 Qa5 23.Rfd2 Rfd8
24.Nb3 Bxb3 25.cxb3 Kg7 26.Kh1 Nc2 27.Qg5 Rxd2 28.Rxd2 h6 29.Qe7 Nd4 30.Rf2 Rf8
31.b4 Qd8 32.Rxf7+  1-0

[Event "BL2-N9192"]
[Site "Germany"]
[Date "1992.??.??"]
[Round "?"]
[White "Volkmer, Andreas"]
[Black "Hargens, Thomas"]
[Result "1-0"]
[WhiteElo "2260"]
[BlackElo "2275"]

1.e4 c5 2.Nf3 Nc6 3.Nc3 d6 4.Bc4 Nf6 5.a3 g6 6.h3 Bg7 7.d3 O-O 8.Bg5 h6 9.Be3 e5
10.Nh2 Kh7 11.Ng4 Ng8 12.Nh2 f5 13.Nd5 Nce7 14.f3 Rb8 15.b4 b5 16.Ba2 Nxd5
17.Bxd5 Qe7 18.Qd2 Bb7 19.c4 bxc4 20.Bxc4 Nf6 21.O-O Rbc8 22.Rfc1 Rc7 23.Qa2 Nd7
24.Rc2 Nb6 25.Be6 f4 26.Bf2 Re8 27.Bc4 Bf8 28.Rac1 Nxc4 29.Qxc4 Rec8 30.bxc5 dxc5
31.Qc3 h5 32.Qa5 Qd6 33.Rc3 Ba6 34.Rd1 Rb7 35.Nf1 Rb5 36.Qa4 Rb2 37.Nd2 Bb5
38.Qxa7+ Rc7 39.Qa5 Be7 40.Nc4 Bxc4 41.Rxc4 Rb3 42.Kh2 Rb6 43.Rdc1 Rbc6 44.Qc3 g5
45.g4 fxg3+ 46.Bxg3 Qf6 47.Kg2 Bd6 48.Rf1 Rf7 49.Ra4 g4 50.hxg4 hxg4 51.Ra8 gxf3+
52.Kf2 c4 53.Rh1+ Kg7 54.Rah8 Qg5 55.R1h7+ Kf6 56.Bh4 Bc5+ 57.Kf1 Qxh4 58.Rxh4 Bd4
59.Qb4 cxd3 60.R4h6+ Kg5 61.Qd2+  1-0

[Event "NRW-Liga II 9192"]
[Site "Germany"]
[Date "1992.??.??"]
[Round "?"]
[White "Hirsch, Stefan"]
[Black "Altgelt, Alexander"]
[Result "0-1"]
[WhiteElo "2230"]
[BlackElo "2235"]

1.e4 c5 2.Nc3 Nc6 3.Bb5 g6 4.f4 Bg7 5.Nf3 Nd4 6.Nxd4 cxd4 7.Ne2 Qb6 8.Bd3 Nf6
9.b3 d6 10.Bb2 e5 11.a4 O-O 12.a5 Qc6 13.fxe5 dxe5 14.Ba3 Re8 15.Ng3 Bg4
16.Qb1 h5 17.O-O h4 18.Nh1 Nxe4 19.Qe1 Nc5 20.Qxh4 Be6 21.Nf2 Nxd3 22.cxd3 f5
23.Nh3 Qd7 24.Rf3 f4 25.Ng5 Bf6 26.Qh6 Bxg5 27.Qxg5 Qg7 28.Bd6 Bd5 29.Rxf4 exf4
30.Qxd5+ Qf7 31.Qxd4 Rad8 32.Qb4 Re2 33.Bxf4 Rxd3 34.Qc4 Qxc4 35.bxc4 Re4
36.Be3 Rxc4 37.Rb1 Rc7 38.Kf2 a6 39.Rb6 Kf7 40.Ke2 Rd5 41.Rb4 Rxa5 42.g4 Rd5
43.Rb6 Re5 44.h4 Re6 45.Rb1 b5 46.h5 gxh5 47.gxh5 Kg7 48.Kd3 Rc4 49.Rf1 Rd6+
50.Ke2 Re4 51.Rf5 Re7 52.Rc5 b4 53.Rc4 a5 54.Rc5 Ra6 55.Kd1 a4 56.Bd4+ Kh6
57.Rb5 b3 58.Bc5 Re4 59.Bf8+ Kh7 60.Ba3 Rc4 61.Rb7+ Kh6 62.Rb5 Ra8 63.d3 Rh4
64.Bc1+ Kh7 65.Rb7+ Kg8 66.Rb5 a3  0-1

[Event "Gyor opJ"]
[Site "Gyor"]
[Date "1992.??.??"]
[Round "?"]
[White "Jusic, Zdenko"]
[Black "Trisic, Alexandar"]
[Result "1-0"]
[WhiteElo "2305"]
[BlackElo "2235"]

1.e4 c5 2.Nc3 Nc6 3.Bb5 Nf6 4.Bxc6 bxc6 5.e5 Nd5 6.Ne4 d6 7.d4 cxd4 8.exd6 e5
9.Qe2 f5 10.Bg5 Qa5+ 11.Bd2 Qb6 12.c4 fxe4 13.Qh5+ Kd7 14.cxd5 Kxd6 15.dxc6 g6
16.Qh4 Bg7 17.Rc1 Bf5 18.a3 a5 19.b4 a4 20.Ne2 Qd8 21.Bg5 Qf8 22.b5 h6 23.Bd2 Qf6
24.Qg3 Ke6 25.c7 Kd7 26.Rc6 Qe7 27.Bb4 Qg5 28.O-O Qxg3 29.Nxg3 Bf8 30.Rb1 Bxb4
31.Rxb4 d3 32.Kf1 Kc8 33.Nxe4 Bxe4 34.Rxe4 Kb7 35.Rxe5 Rhe8 36.Rxe8 Rxe8
37.c8=Q+ Rxc8 38.Rxc8 Kxc8 39.Ke1 Kb7 40.Kd2 Kb6 41.Kxd3 Kxb5 42.Kd4 g5 43.f3  1-0

[Event "Gyor opJ"]
[Site "Gyor"]
[Date "1992.??.??"]
[Round "?"]
[White "Boros, Daniel"]
[Black "Horvath, Peter"]
[Result "1/2-1/2"]
[WhiteElo "2220"]
[BlackElo "2365"]

1.e4 c5 2.Nc3 Nc6 3.Nge2 e5 4.Ng3 d6 5.Bc4 Nf6 6.d3 Be7 7.O-O h5 8.Nd5 g6
9.c3 h4 10.Ne2 Nxd5 11.Bxd5 Be6 12.d4 Qb6 13.Bxe6 fxe6 14.dxe5 Nxe5 15.Nf4 Kd7
16.Nh3 Raf8 17.f4 c4+ 18.Kh1 Nd3 19.Qg4 Qc6 20.f5 gxf5 21.exf5 exf5 22.Rxf5 Kc7
23.Rxf8 Rxf8 24.Bg5 Bxg5 25.Qxg5 Nf2+ 26.Nxf2 Rxf2 27.Qg7+ Kb8 28.Qh8+ Kc7
29.Qg7+ Kb8 30.Qh8+ Kc7  1/2-1/2

[Event "Hamburg op"]
[Site "Hamburg"]
[Date "1992.??.??"]
[Round "8"]
[White "Emms, John M"]
[Black "Roetteler, Martin"]
[Result "1-0"]
[WhiteElo "2455"]
[BlackElo "2240"]

1.e4 c5 2.Nf3 Nc6 3.Nc3 d6 4.d4 cxd4 5.Nxd4 Nf6 6.Bc4 Qb6 7.Nb3 e6 8.Be3 Qc7
9.O-O Be7 10.f4 O-O 11.Bd3 a6 12.Qf3 b5 13.Rae1 Bb7 14.Qh3 g6 15.a3 Rfe8
16.Nd4 Nxd4 17.Bxd4 d5 18.Re3 dxe4 19.Nxe4 Bxe4 20.Bxe4 Nxe4 21.Qxh7+  1-0

[Event "Haninge"]
[Site "Haninge"]
[Date "1992.??.??"]
[Round "5"]
[White "Hector, Jonny"]
[Black "Tiviakov, Sergei"]
[Result "0-1"]
[WhiteElo "2535"]
[BlackElo "2575"]

1.e4 c5 2.Nc3 Nc6 3.Nf3 g6 4.d4 cxd4 5.Nxd4 Bg7 6.Be3 Nf6 7.Bc4 O-O 8.Bb3 d6
9.h3 Bd7 10.O-O a6 11.f4 b5 12.a3 Rc8 13.Qf3 Na5 14.Rad1 Nc4 15.Bc1 Qc7 16.Kh1 e5
17.Nde2 Bc6 18.f5 h6 19.Bxc4 bxc4 20.Nd5 Bxd5 21.exd5 e4 22.Qe3 g5 23.h4 g4
24.Qg3 Rfe8 25.Be3 h5 26.Nf4 Re5 27.Bd4 Rce8 28.Rde1 e3 29.Bxe5 dxe5 30.Nxh5 Nxh5
31.Qxg4 Nf6 32.Qg3 Qc5 33.Rxe3 Qxd5 34.Qf3 e4 35.Qe2 Bh6 36.Rg3+ Kh7 37.Rc3 e3
38.Rxc4 Ne4 39.Rf3 Nd2 40.Ra4 Nxf3 41.gxf3 Qd2  0-1

[Event "Helsinki op"]
[Site "Helsinki"]
[Date "1992.??.??"]
[Round "2"]
[White "Kovalev, Andrei"]
[Black "Yakovich, Yuri"]
[Result "1/2-1/2"]
[WhiteElo "2580"]
[BlackElo "2520"]

1.e4 c5 2.Nf3 Nc6 3.Nc3 e5 4.Bc4 Be7 5.d3 d6 6.Nd2 Bg5 7.Qh5 g6 8.Qd1 Nf6
9.h4 Bf4 10.Nd5 Nxd5 11.Bxd5 Be6 12.Bxe6 fxe6 13.Nc4 Kd7 14.c3 Qf6 15.Ne3 Raf8
16.Qe2 h5 17.a3 g5 18.g3 Bxe3 19.Bxe3 g4 20.b4  1/2-1/2

[Event "FIN-ch"]
[Site "Helsinki"]
[Date "1992.??.??"]
[Round "3"]
[White "Westerinen, Heikki MJ"]
[Black "Pulkkinen, Kari"]
[Result "1/2-1/2"]
[WhiteElo "2430"]
[BlackElo "2240"]

1.e4 c5 2.Nc3 Nc6 3.Nge2 g6 4.g3 Bg7 5.Bg2 d6 6.O-O e6 7.a3 Nge7 8.Rb1 O-O
9.b4 Rb8 10.d3 b6 11.Be3 Bb7 12.Qd2 Nd4 13.a4 Nxe2+ 14.Nxe2 cxb4 15.Rxb4 d5
16.Bh6 dxe4 17.Bxg7 Kxg7 18.Bxe4 Nd5 19.Rb3 f5 20.Bg2 f4 21.Nxf4 Nxf4 22.gxf4 Bxg2
23.Kxg2 Qh4 24.Qe3 Rxf4 25.Qe5+ Kh6 26.d4 Qg5+  1/2-1/2

[Event "Helsinki op"]
[Site "Helsinki"]
[Date "1992.??.??"]
[Round "3"]
[White "Rublevsky, Sergei"]
[Black "Arakhamia, Ketevan"]
[Result "1-0"]
[WhiteElo "2535"]
[BlackElo "2435"]

1.e4 c5 2.Nc3 Nc6 3.Nge2 Nf6 4.d4 cxd4 5.Nxd4 e5 6.Ndb5 d6 7.a4 a6 8.Na3 Be6
9.Bc4 Rc8 10.Bg5 Be7 11.Bxf6 Bxf6 12.Nd5 Bg5 13.O-O O-O 14.c3 Kh8 15.Ba2 g6
16.Nc4 b5 17.Na3 Rb8 18.axb5 axb5 19.Nc2 Ra8 20.Ndb4 Bxa2 21.Rxa2 Rxa2 22.Nxa2 Qa8
23.Qd5 Kg7 24.Rd1 Rc8 25.g3 Bd8 26.Nab4 Nxb4 27.Nxb4 Qxd5 28.Rxd5 Rc4 29.Rxd6 Be7
30.Rc6 Rxe4 31.Nd5 Bf8 32.Rb6 b4 33.Nxb4 Re1+ 34.Kg2 Re2 35.Nd3 e4 36.Nf4 Rd2
37.Rb5 e3 38.Nh3 Be7 39.Kf3 e2 40.Re5 Rxb2 41.Rxe7 Rb3 42.Rxe2 Rxc3+ 43.Kg2  1-0

[Event "Helsinki op"]
[Site "Helsinki"]
[Date "1992.??.??"]
[Round "5"]
[White "Rublevsky, Sergei"]
[Black "Ernst, Thomas"]
[Result "1/2-1/2"]
[WhiteElo "2535"]
[BlackElo "2570"]

1.e4 c5 2.Nc3 Nc6 3.Nge2 e5 4.Nd5 d6 5.Nec3 Nge7 6.Bc4 Nxd5 7.Nxd5 Be7 8.d3 O-O
9.O-O Be6 10.f4 exf4 11.Bxf4 Ne5 12.Kh1 Bg5 13.Bxe5 dxe5 14.Qf3 Kh8 15.Qg3 f6
16.Bb3 Rc8 17.Rad1 Qe8 18.Nc3 Bd7 19.Bd5 b6 20.Qf3 Qg6 21.Ne2 Qh6 22.Ng1 Bf4
23.g3 Bg5 24.Rde1 Qg6 25.Qe2 Bh6 26.Nf3 Qh5 27.Nh4 Bg4 28.Qg2 Bg5 29.h3 Bd7
30.Nf5 Bxf5 31.Rxf5 Qe8 32.Ref1 Qe7 33.h4 Bh6 34.R5f3  1/2-1/2

[Event "Helsinki op"]
[Site "Helsinki"]
[Date "1992.??.??"]
[Round "6"]
[White "Murrey, Jacob"]
[Black "Dvoirys, Semen I"]
[Result "1/2-1/2"]
[WhiteElo "2500"]
[BlackElo "2570"]

1.e4 c5 2.Nc3 Nc6 3.Nge2 e5 4.Nd5 Nge7 5.Nec3 Nxd5 6.Nxd5 g6 7.a3 Bg7 8.b4 O-O
9.Bc4 d6 10.d3 Be6 11.h4 h5 12.c3 Qd7 13.Qb3 Rab8 14.Ne3 b5 15.Bxe6 fxe6
16.Ra2 a5 17.bxa5 Nxa5 18.Qd1 d5 19.g4 dxe4 20.gxh5 gxh5 21.dxe4 Qb7 22.Rg1 Qxe4
23.Qxh5 Rb7 24.Qg6 Qxg6 25.Rxg6 Nb3 26.Rc2 Kf7 27.Rg4 Ra8 28.Bb2 c4 29.Nd1 Rd7
30.Ne3 Bh6 31.Bc1 Nxc1 32.Rxc1 Rxa3 33.Rd1 Rxd1+ 34.Nxd1 Bf4 35.Ke2 Ra2+
36.Kf3 Rd2 37.Rg1 Rd3+ 38.Ke4 Rh3 39.Ne3 Rxh4 40.Rb1 Bh6+ 41.Kf3 e4+ 42.Ke2 Rh5
43.Ng2 Rh3 44.Rxb5 Rxc3 45.Ne3 Bxe3 46.fxe3 Ke7 47.Rb6 Kd7 48.Ra6 e5 49.Ra5 Ke6
50.Rc5 Kd6 51.Rc8 Kd5 52.Rd8+ Kc5 53.Re8 Kd5 54.Rd8+ Kc5 55.Re8 Kb4 56.Rxe5 Rc2+
57.Kd1 Kb3 58.Rxe4 Ra2 59.Re8 Ra1+ 60.Ke2 c3 61.Rb8+ Kc2 62.e4 Ra4 63.Ke3 Rc4
64.e5 Kc1 65.e6 Rc6 66.e7  1/2-1/2

[Event "EU-ch U20 Girls"]
[Site "Hradec Kralove"]
[Date "1992.??.??"]
[Round "?"]
[White "Csoke, Adrienn"]
[Black "Ujhazi, Danijela"]
[Result "1-0"]
[WhiteElo "2145"]
[BlackElo "2045"]

1.e4 c5 2.Nf3 Nc6 3.Nc3 e5 4.Bc4 h6 5.d3 d6 6.Nd2 Nf6 7.Nf1 Bg4 8.f3 Be6
9.Ne3 Nh5 10.g3 g6 11.Ncd5 Bg7 12.O-O Qd7 13.c3 O-O-O 14.b4 cxb4 15.Nxb4 Bxc4
16.dxc4 f5 17.Ned5 fxe4 18.Rb1 Na5 19.Be3 exf3 20.Bxa7 Nxc4 21.Qd3 b5 22.Nb6+ Nxb6
23.Bxb6 Rdf8 24.Rxf3 Rxf3 25.Qxf3 Qb7 26.Nd5 Nf6 27.Ne7+ Qxe7 28.Qc6+ Kb8
29.Rxb5 Qb7 30.Ba7+  1-0

[Event "HUN-chT"]
[Site "HUN"]
[Date "1992.??.??"]
[Round "?"]
[White "Kuklin, Alexander"]
[Black "Donka, Peter"]
[Result "1-0"]
[WhiteElo "2290"]
[BlackElo "2315"]

1.e4 c5 2.Nf3 Nc6 3.Nc3 g6 4.Bb5 Bg7 5.O-O e6 6.Bxc6 bxc6 7.e5 f5 8.d4 cxd4
9.Qxd4 h6 10.Ne2 Qb6 11.Qh4 Qc5 12.Nf4 Kf7 13.Be3 Qxc2 14.Rac1 Qxb2 15.Bc5 Rb8
16.Qg3 g5 17.Qh3 Ne7 18.Qh5+ Kg8 19.Bxe7 gxf4 20.Bd6 Ba6 21.Rfe1 Rb7 22.Nh4 Kh7
23.Ng6 Be2 24.f3 Rg8 25.Ne7 Rf8 26.Ng6 Rg8 27.Ne7 Ra8 28.Qg6+ Kh8 29.Qf7 Kh7
30.Ng6 Qd4+ 31.Kh1 Rb2 32.Bf8 Rxf8 33.Nxf8+ Kh8 34.Ng6+ Kh7 35.Ne7 h5 36.Qxh5+ Bh6  1-0

[Event "Iraklion op"]
[Site "Iraklion"]
[Date "1992.??.??"]
[Round "8"]
[White "Djuric, Stefan"]
[Black "Tompa, Janos"]
[Result "1-0"]
[WhiteElo "2535"]
[BlackElo "2415"]

1.e4 c5 2.Nc3 Nc6 3.Nge2 d6 4.g3 g6 5.Bg2 Bg7 6.d3 e6 7.a3 Nge7 8.O-O O-O
9.h3 b6 10.f4 Bb7 11.Kh2 f5 12.Be3 Qd7 13.Qd2 Nd4 14.Rae1 Rae8 15.Ng1 Kh8
16.Nd1 e5 17.c3 exf4 18.Bxf4 Ne6 19.Bh6 Bxh6 20.Qxh6 fxe4 21.dxe4 Nc6 22.Nf3 Qg7
23.Qd2 Rd8 24.Ne3 Qh6 25.Qd5 Nc7 26.Ng4 Qg7 27.Qd2 Ba6 28.Rf2 h5 29.Ne3 Ne5
30.Nxe5 Qxe5 31.Rxf8+ Rxf8 32.Nd5 Nxd5 33.exd5 Qg7 34.Re6 Rf6 35.Qg5 Rxe6
36.dxe6 Bb5 37.Qd8+ Kh7 38.Be4 Kh6 39.h4 a5 40.Qg5+ Kh7 41.Qxh5+  1-0

[Event "Karvina op"]
[Site "Karvina"]
[Date "1992.??.??"]
[Round "2"]
[White "Kostyra, Stanislaw"]
[Black "Putjatina, Nadezhda"]
[Result "0-1"]
[WhiteElo "2365"]
[BlackElo "2125"]

1.e4 c5 2.Nf3 Nc6 3.Nc3 e6 4.Bb5 Nd4 5.O-O Nxb5 6.Nxb5 a6 7.Nc3 Ne7 8.d4 cxd4
9.Nxd4 Ng6 10.f4 Bc5 11.Kh1 O-O 12.f5 Ne5 13.f6 gxf6 14.Be3 Be7 15.Qh5 Kh8
16.Rf4 Rg8 17.Rh4 Rg7 18.Bh6 Qg8 19.Bxg7+ Qxg7 20.Rh3 b5 21.Rg3 Ng6 22.Rd1 Bd8
23.Qc5 Bb7 24.a4 bxa4 25.Qb4 Bc8 26.Nf5 exf5 27.exf5 Bc7 28.fxg6 fxg6 29.Qe4 Rb8
30.Qe8+ Qg8 31.Re3 Bb7 32.Qxd7 Be5 33.Qxa4 Qe6 34.Rde1 Qf5 35.Ne4 Qf4 36.g3 Qf2
37.Qb4 Qxc2 38.R1e2 Qd1+ 39.Kg2 f5 40.Rd2 Qb1 41.Qe7 Bxe4+ 42.Kf2 Bd4 43.Ke2 Qg1  0-1